000 00283nam a2200121Ia 4500
005 20251222144921.0
008 251222s9999||||xx |||||||||||||| ||spa||
082 _a869.561.1/A71Y
100 _aArgüedas, José María
245 0 _aYawar Fiesta
264 _bPescadito
942 _cLIB
999 _c22718
_d22718